=LDR 00000nam 2200000 4500 =001 INLIS000000000045609 =005 20150205141146.0 =006 =007 =008 =020 ##$$a 978-979-769-408-1 =035 ##$$0010-021500000000169 =040 ##$$a Ind =082 ##$$a 658.312 =090 ##$$a 658.312$bmoe i.2 =100 ##$$a Moeheriono, Prof. Dr. H =245 ##$$a indikator kinerja utama =250 ##$$a Ed.1-2 cet2 =260 ##$$a Jakarta$brajawali$c2012 =300 ##$$a xi,223 hlm =850 ##$$a NBPDMAT =990 ##$$a 0001/BPAP-NTB/20142015 =990 ##$$a 0001/BPAP-NTB/20142015 =990 ##$$a 0001/BPAP-NTB/2016 =990 ##$$a 0001/BPAP-NTB/2016